| 000 | 004320000a22001690004500 | ||
|---|---|---|---|
| 003 | LK-CoMWRAF | ||
| 008 | 230817t ||||| |||| 00| 0 eng d | ||
| 040 |
_aLK-CoMWRAF _dLK-CoMWRAF _eLK-CoMWRAF |
||
| 041 | _aeng | ||
| 082 |
_a150 _bSAH |
||
| 100 | _aSahabdeen, A.M Mohamad | ||
| 245 |
_aIraivanum pirapanchamum _bIslamiya thathuva karuthukal |
||
| 260 |
_aColumbu _bSTF _c1995 |
||
| 300 | _ap.282 | ||
| 650 | _aIslam | ||
| 942 | _cBK | ||
| 999 |
_c2653 _d2653 |
||